1148 1290 1383 1932 1088 1201 1182 1117 1256 1934 1900 1349 1160 1883 1437 1040 1382 1503 1583 1568 1850 1052 1258 1658 1987 1933 1902 1352 1800 1848 1930 1822 1219 1076 1759 1473 1413 1641 1697 1184 1892 1570 1399 1855 1157 1434 1591 1399 1580 1612 1119 1948 1612 1203 1888 1992 1504 1572 1483 1101 1128 1728 1792 1528 1602 1711 1225 1253 1247 1145 1843 1915 1698 1250 1913 1822 1887 1760 1677 1049 1428 2000 1419 1491 1709 1803 1774 1899 1204 1652 1499 1159 1023 1064 1207 1979 1875 1289 1230 BCNSPRNW ULIB Ver.6.0+V

เปลี่ยนเป็นภาษาไทย

Change to English
 แสดงรายละเอียดบรรณานุกรม
  กลับหน้าหลัก

Brief Record : Get Marc (ISO 2709) : E-mail record : QR code < ปิดหน้าต่าง
LEADER : 00000nam 2200000uu 4500
001    13399114695
003     ULIB
008    020711s2553 th a 000 0 tha d
099    ^aวจ.QV55^bส945ก
100    ^aเสาวลักษณ์ ตุรงคราวี
245    การประเมินบัญชียา จ(2) ของบัญชียาหลักแห่งชาติ พ.ศ. 2551/^cเสาวลักษณ์ ตุรงคราวี และคณะ
260    ^aนนทบุรี :^bโครงการประเมินเทคโนโลยีและนโยบายด้านสุขภาพ ,^c2555
300    ^a132 หน้า
650  7 บัญชียาหลักแห่งชาติ^xวิจัย
700 0  ศรีเพ็ญ ตันติเวสส
700 0  วรัญญา รัตนวิภาพงษ์
700 0  รุ่งนภา คำผาง
700 0  พัทธรา ลีฬหวรงค์
700 0  ตี ระวัฒนานนท์
710 1  กระทรวงสาธารณสุข. ^bกรมอนามัย.^bโครงการประเมินเทคโนโลยีและนโยบายด้านสุขภาพ.
945    ^p0^l0^i031710
995    ทศพร
999 ^a ทศพร
รายการนี้ยังไม่มีแท็ก
คุณยังไม่ได้ล็อกอิน คุณสามารถมีกิจกรรมร่วมกับเว็บไซต์ได้ แต่ต้องล็อกอินก่อน ::
  ล็อกอิน

รายการสื่อสารสนเทศ

ลำดับที่ ประเภท เลขเรียก/บาร์โค้ด สถานที่ สถานะ
1. งานวิจัย
งานวิจัย
วจ.QV55 ส945ก  
  Barcode: 031710
ห้องสมุดวิทยาเขตสวรรค์ประชารักษ์
►วิจัย
บนชั้น

BibComment


ยังไม่เคยถูกคอมเมนท์

คอมเมนท์ทรัพยากรรายการนี้
  คอมเมนท์: การประเมินบัญชียา..


 Copyright 2026. Bcnsprnw @Library